000 00440nam a2200181 a 4500
001 1777709375481
003 YourLibrary
005 20260502134132.0
008 260502s1998##################000#0#eng##
020 _a9789041110114
082 0 4 _a343.05248
_bBOR
245 1 0 _aIFA Congress Seminar Series :
260 _c1998.
300 _a212 pages
650 0 _aTaxation.
942 _cENGLISH
040 _aYourLibrary
_beng
_cYourLibrary
999 _c622074
_d622074